Cambridge primary English stage 2 learner's book / (Record no. 3410)
[ view plain ]
| 000 -LEADER | |
|---|---|
| fixed length control field | 01316nam a22002417a 4500 |
| 001 - CONTROL NUMBER | |
| control field | 3410 |
| 003 - CONTROL NUMBER IDENTIFIER | |
| control field | FISKH |
| 005 - DATE AND TIME OF LATEST TRANSACTION | |
| control field | 20251010131344.0 |
| 008 - FIXED-LENGTH DATA ELEMENTS--GENERAL INFORMATION | |
| fixed length control field | 240304b cb ||||| |||| 00| 0 eng d |
| 020 ## - INTERNATIONAL STANDARD BOOK NUMBER | |
| International Standard Book Number | 9781107685123 |
| 040 ## - CATALOGING SOURCE | |
| Original cataloging agency | FISKH |
| Language of cataloging | eng |
| Transcribing agency | FISKH |
| Modifying agency | FISKH |
| 050 ## - LIBRARY OF CONGRESS CALL NUMBER | |
| Classification number | PZ7 |
| 082 ## - DEWEY DECIMAL CLASSIFICATION NUMBER | |
| Classification number | 421 |
| 100 ## - MAIN ENTRY--PERSONAL NAME | |
| Personal name | Budgell, Gill |
| 245 ## - TITLE STATEMENT | |
| Title | Cambridge primary English stage 2 learner's book / |
| Statement of responsibility, etc. | Gill Budgell and Kate Ruttle |
| 260 ## - PUBLICATION, DISTRIBUTION, ETC. | |
| Place of publication, distribution, etc. | New York : |
| Name of publisher, distributor, etc. | Cambridge, |
| Date of publication, distribution, etc. | 2015. |
| 300 ## - PHYSICAL DESCRIPTION | |
| Extent | 200 pages : |
| Other physical details | color illustrations ; |
| Dimensions | 28 cm |
| 520 ## - SUMMARY, ETC. | |
| Summary, etc. | Cambridge Primary English is a flexible, endorsed course written specifically to support Cambridge International Examinations' curriculum framework (Stages 1-6). This colourfull Learner's Book includes the following features. Nine thematic units on exciting topics to engage young learners. Activities encouraging learners to actively explore, use and apply their core listening, speaking, reading and writing skills through individual, pair and group work. Lively international fiction, non-fiction and poetry texts which form the basis for teaching reading and writing skills. Language focus boxes throughout which help to teach and reinforce grammar points. |
| 650 ## - SUBJECT ADDED ENTRY--TOPICAL TERM | |
| Topical term or geographic name entry element | English Learner |
| 700 ## - ADDED ENTRY--PERSONAL NAME | |
| Personal name | Ruttle, Kate |
| Relator term | Author |
| 942 ## - ADDED ENTRY ELEMENTS (KOHA) | |
| Source of classification or shelving scheme | Dewey Decimal Classification |
| Koha item type | Books |
| Suppress in OPAC | No |
| Withdrawn status | Lost status | Source of classification or shelving scheme | Damaged status | Not for loan | Collection | Home library | Current library | Shelving location | Date acquired | Total Checkouts | Full call number | Barcode | Date last seen | Price effective from | Koha item type |
|---|---|---|---|---|---|---|---|---|---|---|---|---|---|---|---|
| Dewey Decimal Classification | Non-Fiction | Footprints International School Library Network Toul Kork Campus | Footprints International School Library Network Toul Kork Campus | 03/04/2024 | BUD 421 PZ7 | 2024-0171 | 03/04/2024 | 03/04/2024 | Books |
